| 000 | 01030nam a22002537a 4500 | ||
|---|---|---|---|
| 999 |
_c1213 _d1213 |
||
| 003 | AR-CdUCM | ||
| 008 | 190226b ||||| |||| 00| 0 spa d | ||
| 020 | _a9972755185 | ||
| 040 |
_aMUNICIPALIDAD PROVINCIAL DEL CUSCO _cBIBLIOTECA MUNICIPAL DEL CUSCO |
||
| 082 |
_a343.2 / _bP46 |
||
| 245 |
_aPerumanta hatun kamachina, 1993 : _bConstitución Política del Perú / |
||
| 260 |
_aLima : _bFondo Editorial del Congreso del Perú, _c1999. |
||
| 300 |
_a255 páginas ; _c20 cm. |
||
| 500 | _aTexto en quechua y español. | ||
| 505 | _aContenido: Napaykuy -- Qallariy Simi -- Perumanta Hatun Kamachina -- Perumanta Kamachina Ukupi -- Ima ninanta nin wakin simikuna -- Acerca de Perumanta Hatun Kamachina ... | ||
| 650 |
_aConstituciones _94733 |
||
| 650 |
_aDerecho constitucional _94734 |
||
| 650 |
_aLegislación - Perú _94735 |
||
| 700 |
_aChirinos Rivera, Andrés (traductor) _94736 |
||
| 700 |
_aCerrón Palomino, Rodolfo (presentación) _94737 |
||
| 856 | _fwww.congreso.gob.pe | ||
| 942 |
_2ddc _cLIBROS |
||
| 945 | _aachl | ||